| 000 | 00824cam a22002897a 4500 | ||
|---|---|---|---|
| 003 | CHAP | ||
| 005 | 20220329143053.0 | ||
| 008 | 051205d2005 it a rn 00110 eng d | ||
| 010 | _a91499 | ||
| 011 | _a92471 | ||
| 020 | _a9251053324 | ||
| 035 | _a103035 | ||
| 040 | _cCHAP | ||
| 090 | _aFolleto 15455 (2005) | ||
| 110 | 0 |
_aFAO. Comisión del Codex Alimentarius _939482 |
|
| 245 | 1 | 0 |
_aUnderstanding the codex alimentarius _c/by FAO |
| 250 | _aed. rev. | ||
| 260 |
_aRome : _bFAO, _c2005. |
||
| 300 |
_a39 p. : _bilus. |
||
| 590 |
_aBATCH-UPD _b10 _c20130110 _lUCH01 _h1740 |
||
| 590 |
_aCONVERSION _b10 _c20130109 _lUCH01 _h1351 |
||
| 650 | 1 | 4 |
_aAlimentos _xNormas de calidad. _94256 |
| 901 | _aBK | ||
| 905 | _aLilia | ||
| 942 | _cFOLL | ||
| 949 |
_aFolleto 15455 (2005) _bBC _cFAO _d33724000967550 _eFAO1 _gD _i103035 _sb |
||
| 999 |
_c91499 _d91499 |
||